00457nam a2200169Ia 450000500170000000800460001703700130006304000200007604100130009608400170010910000250012624500430015126000480019430000090024294200150025199900210026620250317123401.0008 250317s9999 xx 000 0 eng d aTextbook aFMSLbengcFMSL aeng2eng aB28 L1qFMSL aKempthorne O9735618 0aProbality statistics and data analysis aLondonbLondon, Iowa State Universityc1971 a553p cTBhB28 L1 c1251051d1251051